Дело о поднесении Николаю I учителем Петербургской гимназии Н. Г. Устряловым, переведенной им на русский язык, книги Маржерета "...

RUSMARC
00006929cbc2a2200000#x 450
00158f964e7-b02c-4458-a165-854760fa55fa
00520180911135002.0
100##$a20150421l18301830k l0rusy0189 ca
1010#$arus
102##$aRU
2001#$aДело о поднесении Николаю I учителем Петербургской гимназии Н. Г. Устряловым, переведенной им на русский язык, книги Маржерета "О состоянии Российской державы в начале 17 века"
$j9 октября - 6 декабря 1830 г.
251##$cДело
300##$aРукописный текст. Чернила
300##$aОригинальный заголовок дела: По прошению старшего учителя С. Петербургской гимназии Устрялова о книге, им изданной: О состоянии Российской державы в начале XVII века, соч. Маржерета : начато 10 сентября - кончено 6 декабря 1830 года
801#0$aRU
$bРГИА
$c20150421
801#1$aRU
$bГлавНИВЦ
$c20150421
$2rusmarc
801#2$aRU
$bПБ им. Б.Н. Ельцина
$c20151229
$gRCR
$2rusmarc
850##$aФедеральное казенное учреждение "Российский государственный исторический архив" (РГИА)
852##$aРГИА
$j317
937##$hРГИА
$d11456536
$aASBIBLIO_SCAN
462#0$10017ff33d0d-4fb3-4ffd-a38b-3e370d0d7251
$12001
$aОбщие дела 1-го отделения Департамента народного просвещения за 1818-1840 гг.
$vД. 317
$1251
$cОпись
$1852
$j87
461#0$1001a74412a3-3cc5-4d21-8f0a-dfe2fbd9e72d
$12001
$aДепартамент народного просвещения Министерства народного просвещения
$1251
$cФонд
$1852
$j733
215##$a16 листов
$d36,5х26 см
371##$aДокумент не является опубликованным и широко распространяемым
105##$ay###
1222#$ad18301009##
$ad18301206##
035##$a58f964e7-b02c-4458-a165-854760fa55fa
5171#$aПо прошению старшего учителя С. Петербургской гимназии Устрялова о книге, им изданной: О состоянии Российской державы в начале XVII века, соч. Маржерета
$eначато 10 сентября - кончено 6 декабря 1830 года
604##$150010
$2prlib_sh
$3LIBNET\UAF\0000077212
$a"Состояние Российской державы и Великого княжества Московского"
$jДокументы и материалы
$1700 1
$aМаржерет
$bЖ.
$f1550-е гг.-после 1618
$gЖак
605##$2acquisition_Prlib
$3LIBNET\UAF\0000077176
$aРоссика
$lколлекция
605##$aРоссия и страны мира
$lколлекция
$2acquisition_Prlib
$3DITM\AF\0000004461
605##$aНарод
$lколлекция
$2acquisition_Prlib
$3DITM\AF\0000003834
605##$aВласть
$lколлекция
$2acquisition_Prlib
$3DITM\AF\0000002775
607##$2nlr_sh
$3RU\NLR\AUTH\661318194
$aРоссия
$jДокументы и материалы
$xИстория
$xОтзывы иностранцев
$z17 в.
686##$2rubbk
$a63.3(2)52-7ю1
$vLBC/M
600#0$2prlib_sh
$3LIBNET\UAF\0000067504
$aНиколай
$cимператор российский
$dI
$f1796-1855
$jДокументы и материалы
$xПодарки
600#1$2nlr_sh
$3RU\NLR\AUTH\661447085
$aУстрялов
$bН.Г.
$f1805 - 1870
$gНиколай Герасимович
$jДокументы и материалы
Формат отображения